SKLOŇOVANIE SUBSTANTÍV V NÁREČÍ DETVIANSKOM.

Bibliographic Details
Main Author: Pauliny, Eugen, 1912-1983 (Author)
Format: Article
Language:Slovak

MARC

LEADER 00000nab a2200000uu 4500
001 vtls010896198
003 SK-MaSNL
005 20260303141644.0
008 230222|1936 xo |||||||||||||||||slo|
015 |a SNBRB 
035 |a (urnnbn)urn:nbn:sk:snk:ar-006ktx 
035 |a (uuid)721a6676-ddf1-4965-aeb6-42b603eaef06 
035 |a urn:nbn:sk:snk-ab8owt 
040 |a SNKBUCL  |b slo  |c SNKBUCL  |e AACR2 
041 0 |a slo 
044 |a xo  |c SK 
100 1 |a Pauliny, Eugen,  |d 1912-1983  |4 aut  |9 101485 
245 1 0 |a SKLOŇOVANIE SUBSTANTÍV V NÁREČÍ DETVIANSKOM.  |c Eugen Pauliny 
773 0 |t Sborník Matice slovenskej  |g Roč. 14, č. 1 (1936), s. 141-153 
954 |a odborná, vedecká literatúra pôvodná (slovenská)  |2 lita 
958 |a OND 
958 |a EUIPO 
958 |a article10 
999 |c 1977641  |d 1979571